| 000 | 00367 a2200145 4500 | ||
|---|---|---|---|
| 020 | _a9780099478423 | ||
| 040 |
_aDLC _bDLC |
||
| 082 | _a823.912 | ||
| 100 | _aGreene, Graham | ||
| 245 |
_aThe heart of the matter _cGraham Greene |
||
| 260 |
_aLondon _bVintage books _c2001255 p. |
||
| 650 | _aEnglish fiction | ||
| 700 | _aGraham Greene | ||
| 942 |
_cBK _k823.912 GRE _2ddc |
||
| 999 |
_c10804 _d10804 |
||